000 00929nam a22002535i 4500
001 176864
003 ES-MaACL
005 20250825062633.0
008 110215s1960 sp a |||| | spa d
080 _a575.8:087.5
080 _a573:087.5
100 1 _aHuxley, Julian.
_964859
245 1 0 _a25000 siglos de historia de la vida
_b: síntesis histórica de la evolución /
_cpor Julian Huxley ; traducción del inglés por Ernesto Mascaró.
260 _aBarcelona :
_bDaimon,
_c1960.
300 _a69 p. :
_bil. col. ;
_c33 cm.
490 1 _aEnciclopedia juvenil del siglo XX ;
_v8
650 4 _aEvolución-
_vLibros infantiles.
_9145207
650 4 _aBiología-
_vLibros infantiles.
_9145208
655 7 _aLibros infantiles
_2tgfbne
_9226786
700 1 _aMascaró, Ernesto.
_978682
830 1 _aEnciclopedia juvenil del siglo XX ;
_v8
_9190275
852 4 _aES-MaACL
_jE-14317
_xOlim P-1064
999 _c176864
_d176864